[Event "Milan SSM Septembre"]
[Site "Milan"]
[Date "2015.09.13"]
[Round "4"]
[White "Miracola, Giuseppe"]
[Black "Borgia, Enrico"]
[Result "0-1"]
[WhiteElo "1179"]
[BlackElo "1539"]
[PlyCount "58"]
[EventDate "2015.09.10"]
[EventType "swiss"]
[EventRounds "5"]
[EventCountry "ITA"]
[SourceTitle "EXT 2024"]
[Source "ChessBase"]
[SourceDate "2023.10.10"]
[SourceVersion "1"]
[SourceVersionDate "2023.10.10"]
[SourceQuality "1"]

1. e4 Nc6 2. Nf3 d6 3. Nc3 e5 4. Bc4 h6 5. d3 Nf6 6. Nd5 Nxd5 7. Bxd5 Ne7 8. Bb3 b6 9. a4 Bb7 10. 0-0 Nc6 11. c3 Na5 12. Ba2 c5 13. b4 cxb4 14. cxb4 Nc6 15. Bd5 Qd7 16. Ba3 Be7 17. b5 Nd8 18. Qb3 0-0 19. Bc4 Ne6 20. Bb2 Nc5 21. Qc2 Ne6 22. Bc1 Rac8 23. Qe2 Rc7 24. Be3 Rfc8 25. Rac1 Ba8 26. Nd2 Rd8 27. Rc2 d5 28. Bb3 Rxc2 29. Bxc2 d4 0-1

[Event "Robecchetto op-C 25th"]
[Site "Robecchetto"]
[Date "2014.12.28"]
[Round "4"]
[White "Miracola, Giuseppe"]
[Black "Mori, Claudio"]
[Result "1-0"]
[WhiteElo "1181"]
[BlackElo "1377"]
[PlyCount "45"]
[EventDate "2014.12.26"]
[EventType "swiss"]
[EventRounds "6"]
[EventCountry "ITA"]
[SourceTitle "EXT 2024"]
[Source "ChessBase"]
[SourceDate "2023.10.10"]
[SourceVersion "1"]
[SourceVersionDate "2023.10.10"]
[SourceQuality "1"]

1. e4 c5 2. Nc3 Nc6 3. Bc4 e6 4. a3 Nf6 5. d3 Be7 6. f4 d6 7. Nf3 0-0 8. 0-0 b5 9. Bxb5 Bb7 10. Bxc6 Bxc6 11. e5 dxe5 12. fxe5 Nd5 13. Qe1 a5 14. Qg3 Kh8 15. a4 Rb8 16. Ne4 Nb4 17. c3 Nc2 18. Bg5 Nxa1 19. Bf6 Rg8 20. Nfg5 Qf8 21. Nxh7 gxf6 22. Qh3 Qg7 23. Nf8+ 1-0

[Event "Robecchetto op-C 25th"]
[Site "Robecchetto"]
[Date "2014.12.27"]
[Round "2"]
[White "Vitale, Aurora"]
[Black "Miracola, Giuseppe"]
[Result "1-0"]
[WhiteElo "1410"]
[BlackElo "1181"]
[PlyCount "84"]
[EventDate "2014.12.26"]
[EventType "swiss"]
[EventRounds "6"]
[EventCountry "ITA"]
[SourceTitle "EXT 2024"]
[Source "ChessBase"]
[SourceDate "2023.10.10"]
[SourceVersion "1"]
[SourceVersionDate "2023.10.10"]
[SourceQuality "1"]

1. e4 e6 2. Nc3 d5 3. Nf3 c5 4. d4 cxd4 5. Nxd4 Bc5 6. Bb5+ Bd7 7. exd5 Bxb5 8. Ndxb5 a6 9. Nd4 e5 10. Nf3 Bd6 11. 0-0 Nf6 12. Re1 Nbd7 13. Bg5 h6 14. Bh4 Qc7 15. Qe2 0-0 16. Nd2 b5 17. Nde4 b4 18. Nxf6+ Nxf6 19. Bxf6 bxc3 20. Bxe5 cxb2 21. Bxb2 Bxh2+ 22. Kh1 Rfe8 23. Qd3 Be5 24. Bxe5 Rxe5 25. Rxe5 Qxe5 26. Rb1 Rd8 27. c4 g6 28. g3 Kh7 29. Kg2 Qg5 30. Rb7 Kg8 31. Qf3 Rf8 32. Ra7 a5 33. Rxa5 f5 34. Ra7 h5 35. d6 f4 36. Qb7 f3+ 37. Kh2 Qh6 38. Qd5+ Kh8 39. Rf7 h4 40. Rxf8+ Qxf8 41. d7 hxg3+ 42. Kxg3 Kh7 1-0